01264nam a2200253 i 450000100060000000300090000600500170001500700030003200800410003511000730007624502950014924600430044426000520048730000210053959400880056059400740064865000230072270000320074570000320077770000400080985200220084999900170087195201220088876372ES-MaACL20230906172824.0t|041001s1971 sp |||| | spa d2 aReal Academia de Medicina y Cirugía del Distrito de Granada.9633110aSesión inaugural del curso académico celebrada el día 31 de enero de 1971 b: memoria de Secretaría / cpor... Don Juan A. Pulgar Ruiz ; discurso de recepción del académico... Don Diego Guevara Pozo ; discurso de contestación del académico... Don Emilio Muñoz Fernández.34aSesión inaugural 31 de enero de 1971 aGranada : bReal Academia de Medicina, c[1971] a64 p. ; c24 cm. aTít. del discurso de recepción: El cultivo "in vitro" de helmintos parásitos. aPrecede al tít.: Real Academia de Medicina del Distrito de Granada. 4aHelmintos.91670271 aPulgar Ruiz, Juan A.9943691 aGuevara Pozo, Diego.9606091 aMuñoz Fernández, Emilio.984414 aES-MaACLjC-47451 c76372d76372 00104070aATENEOMbATENEOMcDEPO2d2008-01-17eSCl0oC-47451p1079925r2023-02-23 00:00:00w2023-02-23yMONOGRAFIA